01356nab a22002057a 4500003000400000005001700004008004100021040000700062100003300069245024200102260007300344300000800417500004400425505038600469505009000855650001900945650002900964650001600993773014101009OSt20250311130727.0190604e xxu||||| |||| 00| 0 spa d cPJ aGonzález Zambón, Ignacio10aPuntapié inicial para reactivar el desarrollo de infraestructura pública a través de las modificaciones introducidas por la Ley de Bases a la Ley Nacional de Concesión de Obra Pública N.° 17.520 /cIgnacio González Zambón. aCiudad Autónoma de Buenos Aires :bThomson Reuters La Ley, c2024. ap.  aCita Online: TR LALEY AR/DOC/1949/2024. tSumario: I. Estado de situación actual y espíritu de la reforma.— II. La Ley de Bases 27.742 y su impacto en materia de infraestructura pública.— III. Modificaciones a la Ley Nacional de Concesión de Obra Pública 17.520.— IV. Los tres pilares de la reforma y el eje necesario para la reactivación del desarrollo de infraestructura pública.— V. Conclusiones.  t¿Te interesa el texto completo? Solicitalo al correo: koha@justierradelfuego.gov.ar  0aOBRAS PUBLICAS 0aCONTRATO DE OBRA PUBLICA 0aINVERSIONES0 02714dCiudad Autónoma de Buenos Aires : Thomson Reuters La Ley, 2014-tRevista anales de legislación argentina. Nº 8 - Agosto 2024.